00723nam a2200217 a 450000100060000000300090000600800410001502000150005604000280007108200170009910000290011624500330014526000330017830000110021149000220022259000470024465000330029194200120032499900170033695201520035319851CO-ViMGA141112s2004 ck r 000 u spa d a8476282540 aCO-ViMGAbspacCO-ViMGA04a316.75 F193s1 aFaye, Jean Pierre92878710aEl Siglo de las Ideologías aBarcelona : bSerbal, c1998 a192 p. aLa estrella polar aForma de adquisición : Premio Mincultura14aIDEOLOGIAS - SIGLO XX928788 2ddccBK c28978d28978 00102ddc40708002aMEVIECARbMEVIECARd2015-12-04hVolumen. 1 | 11/jun/2009l0o316.75 F193s p19851r2015-12-04 00:00:00tEj. 1w2015-12-04yBK